Biología
Na minha lista:
| Autor principal: | |
|---|---|
| Outros Autores: | , , , , |
| Formato: | Livro |
| Idioma: | espanhol |
| Publicado em: |
Ciudad de México
Interamericana
1992
|
| Edição: | Segunda edición |
| Assuntos: | |
| Tags: |
Adicionar Tag
Sem tags, seja o primeiro a adicionar uma tag!
|
MARC
| LEADER | 00000nam a2200000 a 4500 | ||
|---|---|---|---|
| 001 | UCW0575 | ||
| 003 | CL-VaPUC | ||
| 005 | 20231114162454.0 | ||
| 008 | 930406e19920000MX |||||||||||||||||spa|d | ||
| 999 | |c 215694 |d 215692 | ||
| 040 | |c Pontificia Universidad Católica de Valparaíso | ||
| 082 | 0 | 4 | |a 570 VIL 1992 |2 21 |
| 100 | 0 | |a Villee, Claude A |9 304493 | |
| 245 | 1 | 0 | |a Biología |
| 250 | |a Segunda edición | ||
| 260 | |a Ciudad de México |b Interamericana |c 1992 | ||
| 300 | |a 1404 páginas | ||
| 583 | |a last modification |c 19930406 00:00:00 |k Rodrigo Vera | ||
| 650 | 0 | |a Biología |9 262022 | |
| 650 | 0 | |a Genética |9 259443 | |
| 650 | 0 | |a Evolución |9 259442 | |
| 650 | 0 | |a Ecología |9 258124 | |
| 650 | 0 | |a Plantas |9 264555 | |
| 650 | 0 | |a Animales |9 269820 | |
| 650 | 0 | |a Vida |9 266033 | |
| 650 | 0 | |a Energía |9 259431 | |
| 650 | 0 | |a Células |9 269548 | |
| 700 | 0 | |a Solomon, Eldra Pearl |9 304494 | |
| 700 | 0 | |a Martin, Charles E |9 304495 | |
| 700 | 0 | |a Martin, Diana W |9 304496 | |
| 700 | 0 | |a Berg, Linda R |9 304497 | |
| 700 | 0 | |a Davis, P. William |9 304498 | |
| 942 | |c BK |2 ddc | ||
| 945 | |d 19930406 00:00:00 |a mfernand | ||
| 952 | |0 0 |1 0 |2 ddc |4 0 |6 570_000000000000000_VIL_1992 |7 0 |8 R |9 200382 |a BIBEDU |b BIBEDU |d 2019-11-14 |i 2676214 |o 570 VIL 1992 |p 2676214 |r 2019-11-14 |t 10 |w 2019-11-14 |y BK_R |k EDU | ||
| 952 | |0 0 |1 0 |2 ddc |4 0 |6 570_000000000000000_VIL_1992 |7 0 |8 A |9 200389 |a BIBALI |b BIBALI |c REF |d 2019-11-14 |i 2997622 |o 570 VIL 1992 |p 2997622 |r 2025-01-20 |t 12 |w 2019-11-14 |y BK_F |k ALI | ||
| 952 | |0 0 |1 0 |2 ddc |4 0 |6 570_000000000000000_VIL_1992 |7 0 |8 A |9 200391 |a BIBCUR |b BIBCUR |c PAC |d 2019-11-14 |i 1781871 |o 570 VIL 1992 |p 1781871 |r 2025-04-22 |t 8 |w 2019-11-14 |y BK |k BCB | ||
| 952 | |0 0 |1 0 |2 ddc |4 0 |6 570_000000000000000_VIL_1992 |7 0 |8 R |9 200392 |a BIBEDU |b BIBEDU |d 2019-11-14 |i 3121380 |o 570 VIL 1992 |p 3121380 |r 2019-11-14 |t 11 |w 2019-11-14 |y BK_R |k PSI | ||